Guess the Taylor Swift Song with No Hints - 36 - Statistics

General Stats
  • This quiz has been taken 94 times
  • The average score is 318 of 377
Answer Stats
Answer % Correct
you
100%
a
99%
And
99%
and
99%
I
99%
(I
99%
the
99%
for
97%
me
97%
me,
97%
your
96%
it
95%
to
95%
in
93%
When
93%
be,
92%
be
92%
That
92%
then
91%
go
89%
like
89%
were
89%
all
88%
ever
88%
(ever
88%
ever)
88%
how
88%
it's
88%
on
88%
what
88%
get
86%
(get
86%
oh
86%
too
86%
say,
85%
Say
85%
say
85%
I'll
84%
girl
82%
girl,
82%
girl)
82%
of
82%
that's
82%
That's
82%
(That's
82%
there
82%
are
81%
her
81%
want,
81%
want
81%
or
78%
why,
78%
why
78%
works
78%
works)
78%
would
78%
tell
77%
Tell
77%
up
77%
Yeah,
77%
yeah
77%
yeah,
77%
back
76%
never
76%
been
74%
heart,
74%
better
73%
better)
73%
together
73%
don't
72%
lost
72%
put
72%
Stand
72%
wait
72%
worse
72%
(worse
72%
long
70%
told
69%
got
66%
know,
66%
with
66%
Broke
65%
door
65%
used
65%
ghost
64%
left
64%
mind
64%
months
64%
rain,
64%
rain
64%
six
64%
cheeks,
62%
cheeks
62%
kisses
62%
alone
61%
insane,
61%
Shaking
61%
afraid
59%
frames
59%
open
59%
pictures
59%
Pictures
59%
Remind
58%
now
57%
She'll
55%
must've
46%
could
43%
-ane?
39%
come
16%
(oh oh oh, oh oh oh, oh oh, oh oh)
5%
No matching quizzes found
Score Distribution
Percent of People with Each Score
Percentile by Number Answered
Your Score History
You have not taken this quiz